| 000 -LEADER |
| fixed length control field |
00305nam a2200109 4500 |
| 082 ## - DEWEY DECIMAL CLASSIFICATION NUMBER |
| Classification number |
SNT Z44 Sa82 |
| 100 ## - MAIN ENTRY--PERSONAL NAME |
| Personal name |
Satapathy, K.M. |
| 9 (RLIN) |
50682 |
| 245 ## - TITLE STATEMENT |
| Title |
A Handbook of IRDP planning, monitoring and co-ordination |
| Statement of responsibility, etc |
by K.M. Satapathy |
| 260 ## - PUBLICATION, DISTRIBUTION, ETC. (IMPRINT) |
| Place of publication, distribution, etc |
Bhubaneswar |
| Name of publisher, distributor, etc |
Satapathy |
| Date of publication, distribution, etc |
1992 |
| 300 ## - PHYSICAL DESCRIPTION |
| Extent |
139p. |
| 942 ## - ADDED ENTRY ELEMENTS (KOHA) |
| Source of classification or shelving scheme |
|